All Named Territories in RISK (Original Edition) - Statistics

General Stats
  • This quiz has been taken 16 times
    13 since last reset
  • The average score is 26 of 42
Answer Stats
Answer % Correct
Alaska
90%
Middle East
90%
Russia/Ukraine
90%
Argentina
80%
Brazil
80%
China
80%
Eastern Australia
80%
Egypt
80%
Peru
80%
South Africa
80%
India
70%
Mongolia
70%
North Africa
70%
Ontario
70%
Scandinavia
70%
Western Australia
70%
Afghanistan
60%
Central Africa
60%
Central America
60%
East Africa
60%
Greenland
60%
Indonesia
60%
Japan
60%
Kamchatka
60%
Northwest Territory
60%
Southeast Asia/Siam
60%
Venezuela
60%
Western Europe
60%
Alberta
50%
Eastern United States
50%
Great Britain
50%
Iceland
50%
Irkutsk
50%
Madagascar
50%
Northern Europe
50%
Siberia
50%
Southern Europe
50%
Western United States
50%
New Guinea
40%
Ural
40%
Yakutsk
30%
Eastern Canada
20%
No matching quizzes found
Score Distribution
Percent of People with Each Score
Percentile by Number Answered
Your Score History
You have not taken this quiz since the last reset